Strong reproofs for a scandalous Church: (Record no. 5770)

000 -LEADER
fixed length control field 00636nam a2200181 a 4500
001 - CONTROL NUMBER
control field :::00003512$&:&@@
003 - CONTROL NUMBER IDENTIFIER
control field OkBaRHE
005 - DATE AND TIME OF LATEST TRANSACTION
control field 20000607103306.0
008 - FIXED-LENGTH DATA ELEMENTS--GENERAL INFORMATION
fixed length control field s1988 j 000 0 eng u
040 ## - CATALOGING SOURCE
Transcribing agency
100 1# - MAIN ENTRY--PERSONAL NAME
Personal name Swindoll, Charles R.
245 10 - TITLE STATEMENT
Title Strong reproofs for a scandalous Church:
Remainder of title a study of 1 Corinthians 1:1-6:11.
260 ## - PUBLICATION, DISTRIBUTION, ETC. (IMPRINT)
Place of publication, distribution, etc Fullerton, CA., :
Name of publisher, distributor, etc Charles R. Swindoll
Date of publication, distribution, etc c1988
300 ## - PHYSICAL DESCRIPTION
Extent 96 p. : illus. ;
Dimensions 22 cm.
650 ## - SUBJECT ADDED ENTRY--TOPICAL TERM
Topical term or geographic name as entry element Bible New Testament 1 Corinthians 1:1-6:11
General subdivision Study
942 ## - ADDED ENTRY ELEMENTS (KOHA)
Source of classification or shelving scheme
Koha item type Books
Copies
Date acquired Koha item type Date last seen Permanent Location Not for loan Damaged status Lost status Full call number Source of classification or shelving scheme Barcode Price effective from Withdrawn status Shelving location Copy number
2010-04-14Books2018-04-03RHEMA Bible Training College   BS 2675.3 .S966 35122010-04-14 General Stacks1